[Event "Champions Challenge 179th"]
[Site "Playchess.com INT"]
[Date "2007.01.06"]
[Round "2.1"]
[White "Kotliar, Artur"]
[Black "Bryzgalin, Kirill"]
[Result "1-0"]
[WhiteElo "2419"]
[BlackElo "2474"]
[PlyCount "25"]
[EventDate "2007.01.06"]
[EventType "k.o. (blitz)"]
[EventRounds "5"]
[EventCountry "GER"]
[SourceTitle "EXT 2008"]
[Source "ChessBase"]
[SourceDate "2007.11.25"]
[SourceVersion "1"]
[SourceVersionDate "2007.11.25"]
[SourceQuality "1"]

1. d4 Nf6 2. Nc3 d6 3. e4 Nbd7 4. f4 e5 5. dxe5 dxe5 6. Nf3 Bb4 7. fxe5 Nxe4 8. Qd4 Bxc3+ 9. bxc3 Ndc5 10. Ba3 b6 11. Rd1 Be6 12. Bb5+ Ke7 13. Qxe4 1-0

[Event "Champions Challenge 179th"]
[Site "Playchess.com INT"]
[Date "2007.01.06"]
[Round "1.2"]
[White "Kotliar, Artur"]
[Black "Rodshtein, Maxim"]
[Result "1-0"]
[WhiteElo "2419"]
[BlackElo "2520"]
[PlyCount "65"]
[EventDate "2007.01.06"]
[EventType "k.o. (blitz)"]
[EventRounds "5"]
[EventCountry "GER"]
[SourceTitle "EXT 2008"]
[Source "ChessBase"]
[SourceDate "2007.11.25"]
[SourceVersion "1"]
[SourceVersionDate "2007.11.25"]
[SourceQuality "1"]

1. e4 c5 2. Nf3 d6 3. d4 cxd4 4. Nxd4 Nf6 5. Nc3 a6 6. Bg5 e6 7. f4 Qc7 8. Qf3 b5 9. Bxf6 gxf6 10. e5 d5 11. exf6 b4 12. Nce2 Nd7 13. f5 e5 14. Ne6 fxe6 15. fxe6 Nxf6 16. Qxf6 Qg7 17. Qf5 Be7 18. Ng3 Qg5 19. Qf7+ Kd8 20. Rd1 d4 21. Qf3 Ra7 22. Qd5+ Ke8 23. Be2 h5 24. 0-0 h4 25. Nf5 Rg8 26. Rf2 Rc7 27. Qxe5 Rc5 28. Nd6+ Bxd6 29. Qxd6 Qe5 30. Bh5+ Qxh5 31. Rdf1 Rf5 32. Qc6+ Ke7 33. Rxf5 1-0

[Event "Champions Challenge 179th"]
[Site "Playchess.com INT"]
[Date "2007.01.06"]
[Round "1.3"]
[White "Rodshtein, Maxim"]
[Black "Kotliar, Artur"]
[Result "1-0"]
[WhiteElo "2520"]
[BlackElo "1965"]
[PlyCount "83"]
[EventDate "2007.01.06"]
[EventType "k.o. (blitz)"]
[EventRounds "5"]
[EventCountry "GER"]
[SourceTitle "EXT 2008"]
[Source "ChessBase"]
[SourceDate "2007.11.25"]
[SourceVersion "1"]
[SourceVersionDate "2007.11.25"]
[SourceQuality "1"]

1. Nf3 Nf6 2. c4 c5 3. Nc3 Nc6 4. g3 d5 5. cxd5 Nxd5 6. Bg2 Nc7 7. 0-0 e5 8. a3 Be7 9. b4 cxb4 10. axb4 f6 11. b5 Nd4 12. b6 axb6 13. Rxa8 Nxa8 14. Nxd4 Qxd4 15. Qb3 Nc7 16. e3 Qb4 17. Qa2 Qa5 18. Qc4 Qc5 19. Qa4+ Bd7 20. Qa7 0-0 21. Qxb7 Bc8 22. Qe4 Ba6 23. Re1 Rd8 24. Qa4 Qc4 25. Qxc4+ Bxc4 26. Bf1 Bxf1 27. Kxf1 b5 28. Ke2 b4 29. Na4 Kf7 30. Bb2 Ra8 31. Nb6 Ra2 32. Nc4 Nb5 33. Kd3 Nd6 34. Nxd6+ Bxd6 35. Kc2 Ra8 36. Kb3 Ke6 37. d3 Kd5 38. Rc1 h5 39. Rc4 Rh8 40. f4 h4 41. f5 hxg3 42. e4# 1-0